| 000 | 01031nam a2200253 a 4500 | ||
|---|---|---|---|
| 005 | 20260112063246.0 | ||
| 020 | _a9780749453770 | ||
| 039 |
_a202110271017 _bstaff _c201211190344 _d staff _c201002180125 _d staff _y 201002180123 _z staff |
||
| 050 |
_a658.3124 _bTHO |
||
| 082 |
_a658.3124 _bTHO [ Shelf 50 ] |
||
| 100 | _aThorne, Kaye. | ||
| 245 |
_aEverything you ever needed to know about training : _ba one-stop shop for everyone interested in training, learning and development / _cKaye Thorne, David Mackey. |
||
| 250 | _a4th ed. | ||
| 260 |
_aLondon ; _aPhiladelphia : _bKogan Page, _c2007. |
||
| 300 |
_axiv, 242 p. : _bill. ; _c24 cm. |
||
| 504 | _aIncludes bibliographical references (p. [235]-237) and index. | ||
| 504 | _aIncludes bibliographical references and index. | ||
| 650 |
_aEmployees _x Training of. |
||
| 650 | _aOrganizational learning. | ||
| 700 | _aMackey, David. | ||
| 991 | _aVIRTUA40 | ||
| 991 | _aVTLSSORT0080*0200*0500*0820*1000*2450*2500*2600*3000*5040*5041*6500*6501*7000*9992 | ||
| 909 | _a2170 | ||
| 999 |
_c2100 _d2100 |
||